| 000 | 00518nam a2200169Ia 4500 | ||
|---|---|---|---|
| 008 | 130821s1956 xxu gr eng | ||
| 040 |
_aCo-BoUCM _bspa |
||
| 041 | _aeng | ||
| 100 |
_aMuller, Herbert J. _9155361 |
||
| 245 |
_aThe Spirit of Tragedy _cHerbert J. Muller |
||
| 260 |
_aWashington _bSquare Press _c1956 |
||
| 300 | _a302 páginas | ||
| 650 | 0 | 4 |
_aLiteratura estadounidense _918653 |
| 650 | 0 | 4 |
_aNovela estadounidense _920501 |
| 942 |
_cLIBRO _a18 _e1 _mM85 _2DEWEY _h813 |
||
| 999 |
_c5537 _d5537 |
||